<?xml version="1.0" encoding="UTF-8"?>
<record
    xmlns:xsi="http://www.w3.org/2001/XMLSchema-instance"
    xsi:schemaLocation="http://www.loc.gov/MARC21/slim http://www.loc.gov/standards/marcxml/schema/MARC21slim.xsd"
    xmlns="http://www.loc.gov/MARC21/slim">

  <leader>02438 am a22002655a 4500</leader>
  <controlfield tag="001">ocn778040081</controlfield>
  <controlfield tag="003">OSt</controlfield>
  <controlfield tag="005">20170111141136.0</controlfield>
  <controlfield tag="008">120216t2013    moua   frb    001 0 eng d</controlfield>
  <datafield tag="020" ind1=" " ind2=" ">
    <subfield code="a">9780323083171</subfield>
  </datafield>
  <datafield tag="020" ind1=" " ind2=" ">
    <subfield code="a">032308317X</subfield>
  </datafield>
  <datafield tag="040" ind1=" " ind2=" ">
    <subfield code="a">DNLM/DLC</subfield>
    <subfield code="b">eng</subfield>
    <subfield code="c">DLC</subfield>
    <subfield code="d">YDX</subfield>
    <subfield code="d">NLM</subfield>
    <subfield code="d">YDXCP</subfield>
    <subfield code="d">CDX</subfield>
    <subfield code="d">OCLCO</subfield>
    <subfield code="d">IUD</subfield>
    <subfield code="d">EG-SCBUE</subfield>
  </datafield>
  <datafield tag="082" ind1="0" ind2="4">
    <subfield code="2">22</subfield>
    <subfield code="a">617.643</subfield>
    <subfield code="b">CON</subfield>
  </datafield>
  <datafield tag="245" ind1="1" ind2="0">
    <subfield code="a">Contemporary orthodontics /</subfield>
    <subfield code="c">William R. Proffit ... [et al.]</subfield>
  </datafield>
  <datafield tag="250" ind1=" " ind2=" ">
    <subfield code="a">5th ed.</subfield>
  </datafield>
  <datafield tag="260" ind1=" " ind2=" ">
    <subfield code="a">St. Louis :</subfield>
    <subfield code="b">Elsevier / Mosby,</subfield>
    <subfield code="c">c.2013.</subfield>
  </datafield>
  <datafield tag="300" ind1=" " ind2=" ">
    <subfield code="a">xiii, 754 p. :</subfield>
    <subfield code="b">ill. (some col.) ;</subfield>
    <subfield code="c">29 cm.</subfield>
  </datafield>
  <datafield tag="504" ind1=" " ind2=" ">
    <subfield code="a">Includes bibliographical references and index.</subfield>
  </datafield>
  <datafield tag="505" ind1="0" ind2=" ">
    <subfield code="a">Malocclusion and dentofacial deformity in contemporary society / William R. Proffit -- Concepts of growth and development / William R. Proffit -- Early stages of development / William R. Proffit -- Later stages of development / William R. Proffit -- The etiology of orthodontic problems / William R. Proffit -- Orthodontic diagnosis : the problem-oriented approach / William R. Proffit, David M. Sarver, James L. Ackerman -- Orthodontic treatment planning : from problem list to specific plan / William R. Proffit, Henry W. Fields Jr., David M. Sarver -- The biologic basis of orthodontic therapy / William R. Proffit -- Mechanical principles in orthodontic force control / William R. Proffit -- Contemporary orthodontic appliances / William R. Proffit -- Moderate nonskeletal problems in preadolescent children : preventive and interceptive treatment in family practice / Henry W. Fields Jr., William R. Proffit -- Complex nonskeletal problems in preadolescent children : preventive and interceptive treatment / Henry W. Fields Jr. -- Treatment of skeletal problems in children and preadolescents / Henry W. Fields Jr., William R. Proffit -- The first stage of comprehensive treatment : alignment and leveling / William R. Proffit -- The second stage of comprehensive treatment : correction of molar relationship and space closure / William R. Proffit -- The third stage of comprehensive treatment finishing / William R. Proffit -- Retention / William R. Proffit -- Special considerations in treatment for adults / William R. Proffit, David M. Sarver -- Combined surgical and orthodontic treatment / William R. Proffit, David M. Sarver.</subfield>
  </datafield>
  <datafield tag="650" ind1=" " ind2="7">
    <subfield code="a">Orthodontics.</subfield>
    <subfield code="2">BUEsh</subfield>
    <subfield code="9">41372</subfield>
  </datafield>
  <datafield tag="651" ind1=" " ind2=" ">
    <subfield code="2">BUEsh</subfield>
  </datafield>
  <datafield tag="653" ind1=" " ind2=" ">
    <subfield code="b">DDent</subfield>
    <subfield code="c">January2017</subfield>
  </datafield>
  <datafield tag="700" ind1="1" ind2=" ">
    <subfield code="a">Proffit, William R. </subfield>
  </datafield>
  <datafield tag="942" ind1=" " ind2=" ">
    <subfield code="2">ddc</subfield>
  </datafield>
  <datafield tag="999" ind1=" " ind2=" ">
    <subfield code="c">23889</subfield>
    <subfield code="d">23861</subfield>
  </datafield>
  <datafield tag="952" ind1=" " ind2=" ">
    <subfield code="0">0</subfield>
    <subfield code="1">0</subfield>
    <subfield code="2">ddc</subfield>
    <subfield code="4">0</subfield>
    <subfield code="7">0</subfield>
    <subfield code="8">Al-Dar AlA</subfield>
    <subfield code="a">MAIN</subfield>
    <subfield code="b">MAIN</subfield>
    <subfield code="c">1ST</subfield>
    <subfield code="d">2017-01-11</subfield>
    <subfield code="e">Purchase</subfield>
    <subfield code="g">1450.00</subfield>
    <subfield code="h">0000479</subfield>
    <subfield code="l">7</subfield>
    <subfield code="m">57</subfield>
    <subfield code="o">617.643 CON</subfield>
    <subfield code="p">000040859</subfield>
    <subfield code="q">2022-02-15</subfield>
    <subfield code="r">2020-11-12 00:00:00</subfield>
    <subfield code="s">2020-11-12</subfield>
    <subfield code="v">1812.50</subfield>
    <subfield code="y">BB</subfield>
  </datafield>
</record>
